Statistiche per Riconosci lo Stadio - Italia - Quiz n°5

Clicka qui per fare il quiz!

Statistiche generali

  • Questo quiz è stato fatto 34 volte
  • Il punteggio medio è 7 su 10

Statistiche sulle risposte

Risposta% Corretto
Stadio Diego Armando Maradona
100%
Stadio Giuseppe Meazza - Milano
100%
Stadio Ennio Tardini - Parma
79%
Stadio Artemio Franchi - Siena
71%
Stadio Partenio-Adriano Lombardi
61%
Stadio Pino Zaccheria - Foggia
61%
Stadio Armando Picchi - Livorno
57%
Stadio Paolo Mazza - Ferrara
57%
Stadio Giuseppe Moccagatta - Alessandria
43%
Stadio Druso - Bolzano
36%

Distribuzione punteggi

Percentile per numero di risposta

Percentuale di utenti per punteggio

I tuoi punteggi nel tempo

Non hai fatto questo quiz